000 01053nam a22002891 4500
001 10150
003 BD-RjUL
005 20211208234912.0
008 140123s1965 nyua 001 0 eng
035 _a(BD-RjUL)10198
040 _aDLC/ICU
_cICU
_dDLC
_dBD-RjUL
_beng
041 _aeng
082 0 0 _a541
_bDED 1965
100 1 _aDe Maine, Paul A. D.
_931341
245 1 0 _aDigital computer programs for physical chemistry /
_cPaul A.D. De Maine. ALGOL 60 translations of the FORTRAN programs by Robert D. Seawright.
_nVolume II
260 _aNew York :
_bMacmillan ,
_cc1965
300 _axxvii, 493 p.;
_c23 cm.
500 _aVol. 2 has subtitle: ALGOL 60 translations of the FORTRAN and FOR-TO-GO programs by Robert D. Seawright.
504 _aIncludes index.
650 0 _aChemistry, Physical and theoretical.
_931342
650 0 _aALGOL (Computer program language)
_919212
650 0 _aFORTRAN (Computer program language)
_9879
700 1 _aSeawright, Robert D.
_931343
942 _2ddc
_cBK
999 _c10150
_d10150